000 00300nam a22001217a 4500
005 20251003114618.0
008 251003b |||||||| |||| 00| 0 eng d
040 _cPK-LaNCA
082 _a728.1
245 _aLe Corbusier: architect of the twentieth century
650 _aArchitecture
942 _cBK
999 _c66799
_d66799